| 000 | 00000nam##2200000za#4500 |
| 001 | 9.530656 |
| 003 | CaOODSP |
| 005 | 20200327083032 |
| 007 | ta |
| 008 | 150406|1998||||xxc||||| f|0| 0 eng|d |
| 020 | |a0-662-63523-X |
| 040 | |aCaOODSP|beng |
| 041 | |aeng |
| 041 | |afre |
| 043 | |an-cn--- |
| 086 | 1 |aC21-24/23-1998 |
| 110 | 1 |aCanada.|bIndustry Canada. |bMicro-Economic Analysis Directorate. |
| 245 | 10|aRestructuring in Canadian industries : |ba micro analysis / |cby Sunder Magun. |
| 260 | |aOttawa - Ontario : |bIndustry Canada. |c1998. |
| 300 | |aEnglish text, 44p. : |bgraphs, tables ; |c28 cm. |
| 490 | 1 |aWorking paper|v23 |
| 500 | |aN.B.: Incorrect catalogue number (C21-24/22-1998) printed in this publication. |
| 504 | |aBibliography. |
| 546 | |aBilingual |
| 563 | |aSoftcover |
| 590 | |a98-24|b1998-06-12 |
| 720 | 1 |aMagun, Sunder |
| 776 | 0#|tRestructuring in Canadian industries : |w(CaOODSP)9.570591 |
| 776 | 0#|tLa restructuration de l'industrie canadienne : |w(CaOODSP)9.601239 |
| 792 | |tLa restructuration de l'industrie canadienne : |efre|w(CaOODSP)9.530657 |
| 830 | #0|aWorking paper ;|v23|w(CaOODSP)9.509052 |